<?xml version="1.0" encoding="UTF-8"?>
<record
    xmlns:xsi="http://www.w3.org/2001/XMLSchema-instance"
    xsi:schemaLocation="http://www.loc.gov/MARC21/slim http://www.loc.gov/standards/marcxml/schema/MARC21slim.xsd"
    xmlns="http://www.loc.gov/MARC21/slim">

  <leader>00698nam2a22002291  4500</leader>
  <controlfield tag="001">RU\NLR\A1SV\150464</controlfield>
  <controlfield tag="005">20251214193005.0</controlfield>
  <datafield tag="035" ind1=" " ind2=" ">
    <subfield code="a">(NLR Aleph) 011879299</subfield>
  </datafield>
  <datafield tag="090" ind1=" " ind2=" ">
    <subfield code="a">13493448</subfield>
    <subfield code="c">13493448</subfield>
  </datafield>
  <datafield tag="100" ind1=" " ind2=" ">
    <subfield code="a">20181112d1926    u  y0rusy50      ca</subfield>
  </datafield>
  <datafield tag="101" ind1="0" ind2=" ">
    <subfield code="a">rus</subfield>
  </datafield>
  <datafield tag="200" ind1="0" ind2=" ">
    <subfield code="a">&#x412;&#x44B;&#x43F;.1</subfield>
  </datafield>
  <datafield tag="215" ind1=" " ind2=" ">
    <subfield code="a">16 &#x441;.</subfield>
  </datafield>
  <datafield tag="300" ind1=" " ind2=" ">
    <subfield code="a">&#x411;&#x435;&#x437; &#x442;&#x438;&#x442;. &#x43B;.</subfield>
  </datafield>
  <datafield tag="327" ind1="1" ind2=" ">
    <subfield code="a">&#x41F;&#x43E;&#x43B;&#x438;&#x442;&#x441;&#x430;&#x442;&#x438;&#x440;&#x44B;</subfield>
    <subfield code="a">&#x411;&#x44B;&#x442;</subfield>
  </datafield>
  <datafield tag="461" ind1=" " ind2="1">
    <subfield code="1">001RU\NLR\A1SV\150463</subfield>
    <subfield code="1">2000#$v&#x412;&#x44B;&#x43F;.1</subfield>
    <subfield code="9">12241801</subfield>
    <subfield code="a">&#x422;&#x43E;&#x43C;&#x438;&#x43B;&#x438;&#x43D;, &#x413;.</subfield>
    <subfield code="c">[&#x41B;&#x438;&#x43F;&#x435;&#x446;&#x43A;]</subfield>
    <subfield code="d">1926</subfield>
    <subfield code="f">&#x413;&#x440;. &#x422;&#x43E;&#x43C;&#x438;&#x43B;&#x438;&#x43D;</subfield>
    <subfield code="n">&#x41B;&#x438;&#x43F;&#x435;&#x446;. &#x433;&#x43E;&#x441;. &#x44D;&#x43B;&#x435;&#x43A;&#x442;&#x440;&#x43E;&#x442;&#x438;&#x43F;.</subfield>
    <subfield code="t">&#x421;&#x430;&#x442;&#x438;&#x440;&#x44B;</subfield>
    <subfield code="v">&#x412;&#x44B;&#x43F;.1</subfield>
  </datafield>
  <datafield tag="801" ind1=" " ind2="0">
    <subfield code="a">RU</subfield>
    <subfield code="b">NLR</subfield>
    <subfield code="c">20181112</subfield>
  </datafield>
  <datafield tag="852" ind1=" " ind2=" ">
    <subfield code="a">NLR</subfield>
  </datafield>
  <datafield tag="942" ind1=" " ind2=" ">
    <subfield code="c">BOOK</subfield>
  </datafield>
  <datafield tag="980" ind1=" " ind2=" ">
    <subfield code="a">A1SV</subfield>
  </datafield>
  <datafield tag="980" ind1=" " ind2=" ">
    <subfield code="a">NB</subfield>
  </datafield>
</record>
